00942nam a2200325Ia 4500008004100000020001500041050000900056050001000065100002600075245002600101245006300127260001600190260003100206300001600237300003400253300001100287300001400298440002300312500004400335650002200379650001900401650001900420650001600439650002500455650002500480650002500505650002500530700003100555700003000586170203s9999 xx 000 0 und d a8188370770 a0 30 bM471h aMaynard, Christopher. aHow your body works / cChristopher Maynard, Janet De Saulles and Hazel Songhurst. aNew Delhi : bYoung Learner Publication. a32 pages :  billustrations (some color) ;  c29 cm. e1 CD-ROM. aKnowledge masters. aIncludes index; Internet linked--cover, aHuman anatomy --  aHuman anatomy. aHuman body --  aHuman body. aHuman physiology --  xJuvenile literature. xJuvenile literature. xJuvenile literature. ade Saulles, Janet, Author. aSonghurst, Hazel, Author.